Quiz sur l'Arménie - Statistiques

Statistiques générales
  • Ce quiz a été pris 6 922 fois
    6 921 depuis la dernière actualisation
  • Le résultat moyen est 14 sur 20
Statistiques - réponses
Question Réponse % Correct
Pays frontaliers Turquie
95%
Pays frontaliers Azerbaïdjan
93%
Pays frontaliers Géorgie
93%
Capitale et plus grande ville Erevan
92%
L'Arménie est le pays avec le plus d'Arméniens, et la France est quatrième. Quels sont les deux autres pays qui comptent le plus d'Arméniens ? Russie
90%
Empire qui a commis un génocide contre les Arméniens de 1914 à 1923 Empire Ottoman
87%
Pays auquel l'Arménie appartenait jusqu'en 1991 Union Soviétique
84%
Pays frontaliers Iran
81%
Chanteur franco-arménien qui a notamment écrit et composé Comme ils disent Charles Aznavour
79%
En l'an 300, l'Arménie est devenu le premier pays à adopter cette religion Christianisme
78%
L'Arménie est le pays avec le plus d'Arméniens, et la France est quatrième. Quels sont les deux autres pays qui comptent le plus d'Arméniens ? États-Unis
70%
L'Arménie fut le premier pays à produire cette boisson, en 4100 avant J.-C. Vin
69%
Chaîne de montagnes dans laquelle l'Arménie se situe Caucase
66%
En réalité, le nom de ce chanteur très célèbre a été francisé. Quels sont les trois lettres, typiques des noms arméniens, qu'il faut y ajouter afin d'obtenir son nom de naissance ? -ian
63%
Parmi les pays de plus d'un million d'habitants, l'Arménie est celui qui a le plus de « grands maîtres » dans ce sport Échecs
51%
Montagne biblique située dans ce dernier pays à la frontière avec l'Arménie, dont elle est un symbole national Mont Ararat
48%
Fruit orange dont le nom scientifique signifie « prune d'Arménie » Abricot
40%
Nom donné à l'Arménie en arménien {Haya}stan
33%
Lac qui recouvre environ 4% de la superficie totale du pays Lac {Sevan}
31%
Devise monétaire Dram
28%
Aucun quiz correspondant
Distribution des résultats
% des personnes avec chaque résultat
Percentile par nombre de réponses
Votre historique - résultats
Vous n’avez pas pris ce quiz depuis la dernière actualisation